Galaxies, quasars and cosmology (Record no. 8955)

MARC details
000 -LEADER
fixed length control field 00603nam a2200217Ia 4500
003 - CONTROL NUMBER IDENTIFIER
control field IN-BaIIA
008 - FIXED-LENGTH DATA ELEMENTS--GENERAL INFORMATION
fixed length control field 211028s9999 xx 000 0 eng d
020 ## - INTERNATIONAL STANDARD BOOK NUMBER
International Standard Book Number 9971-978-93-8
040 ## - CATALOGING SOURCE
Transcribing agency IIA Library
080 ## - UNIVERSAL DECIMAL CLASSIFICATION NUMBER
Universal Decimal Classification number 524.834
Item number GAL-2
100 ## - MAIN ENTRY--PERSONAL NAME
Personal name Fang, Li Zhi
9 (RLIN) 13230
245 #0 - TITLE STATEMENT
Title Galaxies, quasars and cosmology
Statement of responsibility, etc. Li Zhi Fang and Remo Ruffini
260 ## - PUBLICATION, DISTRIBUTION, ETC.
Place of publication, distribution, etc. Singapore
Name of publisher, distributor, etc. World Scientific
Date of publication, distribution, etc. 1985
300 ## - PHYSICAL DESCRIPTION
Extent vii, 221p.
650 ## - SUBJECT ADDED ENTRY--TOPICAL TERM
Topical term or geographic name entry element Astronomy and astrophysics thesaurus
650 ## - SUBJECT ADDED ENTRY--TOPICAL TERM
Topical term or geographic name entry element Cosmology
650 ## - SUBJECT ADDED ENTRY--TOPICAL TERM
Topical term or geographic name entry element Galaxies
9 (RLIN) 1286
650 ## - SUBJECT ADDED ENTRY--TOPICAL TERM
Topical term or geographic name entry element Quasars
9 (RLIN) 1096
700 ## - ADDED ENTRY--PERSONAL NAME
Personal name Ruffini, Remo
9 (RLIN) 8607
942 ## - ADDED ENTRY ELEMENTS (KOHA)
Koha item type Books
Holdings
Withdrawn status Lost status Damaged status Not for loan Home library Current library Shelving location Date acquired Total Checkouts Full call number Barcode Date last seen Price effective from Koha item type
        IIA Library-Bangalore IIA Library-Bangalore General Stacks 11/02/1987   524.834/ GAL-2 9842 05/11/2021 11/02/1987 Books

Powered by Koha